000
00313 a2200121 4500
001
157482
040
_c
Escola São Tomás de Aquino
100
_a
ROCHA, Ruth
240
1
0
_a
O coelhinho que não era de Páscoa
_l
por
245
1
0
_a
O coelhinho que não era de Páscoa
697
_a
*LITERATURA INFANTO
942
_c
BK
999
_c
157482
_d
157482